| 000 | 00982cam a2200265 i 4500 | ||
|---|---|---|---|
| 005 | 20200104041800.0 | ||
| 008 | 150409s2015 enkd fr 001 0 eng | ||
| 020 | _a9781138817159 | ||
| 040 |
_aDLC _cDLC _dDLC _dCO-BoIAVH |
||
| 041 | 0 | _aeng | |
| 044 | _a-uk | ||
| 082 | 0 | 0 |
_a338.927 _bE19g |
| 245 | 0 | 4 |
_aThe economics of green growth : _bnew indicators for sustainable societies / _ceditado por Shunsuke Managi. |
| 260 |
_aOxfordshire (Reino Unido) : _bRoutledge Taylor & Francis Group, _c2015. |
||
| 300 |
_axvi, 312 páginas : _bgráficas y tablas ; _c25 x 16 cm. |
||
| 490 | 0 |
_aRoutledge studies in ecological economics ; _v40 |
|
| 500 | _aIncluye índice. | ||
| 504 | _aIncluye referencias bibliográficas. | ||
| 650 | 2 | 6 | _aDesarrollo sostenible |
| 650 | 2 | 6 |
_aDesarrollo económico _xAspectos ambientales |
| 650 | 2 | 6 | _aEconomía medioambiental |
| 650 | 2 | 6 | _aImpacto ambiental |
| 700 | 1 |
_aManagi, Shunsuke _eeditor |
|
| 942 |
_2ddc _cLIBRO |
||
| 999 |
_c19934 _d19934 |
||